| 000 | 00984cam a2200289 a 4500 | ||
|---|---|---|---|
| 001 | 14131164 | ||
| 005 | 20250417095002.0 | ||
| 008 | 051004r20041979enk b 001 0 eng | ||
| 010 | _a 2005281616 | ||
| 020 | _a0406176051 (pbk.) | ||
| 040 |
_aDLC _cDLC _dDLC |
||
| 043 | _ae-uk--- | ||
| 050 | 0 | 0 |
_aKD640.A75 _bD46 2004 |
| 082 |
_a349.41 _bDEN |
||
| 100 | 1 |
_aDenning, Alfred Thompson Denning, _cBaron, _d1899-1999. _9128587 |
|
| 245 | 1 | 4 |
_aThe discipline of law / _cby Lord Denning. |
| 260 |
_aLondon : _bButterworths : _bLexisNexis, _c2004. |
||
| 300 |
_axxii, 331 p. ; _c22 cm. |
||
| 500 | _aOriginally published: 1979. | ||
| 504 | _aIncludes bibliographical references and index. | ||
| 650 | 0 |
_aLaw _zGreat Britain. _983450 |
|
| 650 | 0 |
_aJudge-made law _zGreat Britain. _9128769 |
|
| 650 | 0 |
_aSociological jurisprudence. _9128438 |
|
| 906 |
_a7 _bcbc _corigcop _d2 _encip _f20 _gy-gencatlg |
||
| 942 |
_2ddc _cBK |
||
| 999 |
_c613629 _d613629 |
||